000 00407nam a2200121 4500
999 _c510668
_d510668
082 _aA45:P5 2018-19
100 _aCentre for policy research in higher education
_99011
245 _aAnnual Report
260 _aNew Delhi
_bNational Institute of Educational Planning and Administration
_c2019
300 _a87p.
700 _aNational Institute of Educational Planning and Administration
_99012
942 _2ddc